In pursuit of peace (Record no. 4472)

MARC details
000 -LEADER
fixed length control field 00372nam a22001457a 4500
008 - FIXED-LENGTH DATA ELEMENTS--GENERAL INFORMATION
fixed length control field 250915b |||||||| |||| 00| 0 eng d
020 ## - INTERNATIONAL STANDARD BOOK NUMBER
ISBN 9780446695025
100 ## - MAIN ENTRY--AUTHOR
Author Meyer Joyce
245 ## - TITLE STATEMENT
Title In pursuit of peace
260 ## - PUBLICATION, DISTRIBUTION, ETC. (IMPRINT)
Place of publication Bosto
Name of publisher Warner Faith
Date of publication 2004
300 ## - COLLATION
Pagination xi,2191p.
650 ## - TRACINGS
Main Subject peace-Religious Aspects- christianity
942 ## - ADDED ENTRY ELEMENTS (KOHA)
Item type Books
050 ## - LIBRARY OF CONGRESS CALL NUMBER
Classification number BT736.4
Item number M39
Holdings
Source of classification or shelving scheme Not for loan Permanent location Current location Date acquired Accession No. Full call number Barcode. Koha item type
Library of Congress Classification   Samuel Ogbemudia Main Library, University of Abuja Samuel Ogbemudia Main Library, University of Abuja 09/15/2025 2025/65462 BT736.4.M39 2025-3256 Books